01233cam a2200301 a 4500001001400000003000800014005001700022006001900039007001500058008004100073020003800114040003000152050002100182082001400203100002500217245007100242260002800313300003100341504005100372520022700423521001700650588004700667650003900714655002900753710001600782776003500798856009800833EDZ0000064194StDuBDS20161031105213.0m||||||||d||||||||cr |||||||||||120327s2001 enk fo| 001|0|eng d a9781446219294 (ebook) :cNo price aStDuBDSbengcStDuBDSepn 0aHV41b.P643 200104a361.32231 aPowell, Frederick W.14aThe politics of social workh[electronic resource] /cFred Powell. aLondon :bSAGE,cc2001. a1 online resource (186 p.) aIncludes bibliographical references and index.8 aThis text analyses the choices facing social work in post-modern society. It explores contemporary and historical paradigms of social work from its Victorian origins, multiculturalism feminism and anti-oppressive practice. aSpecialized. aDescription based on print version record. 0aSocial servicexPolitical aspects. 7aElectronic books.2local2 aSage eBooks08iPrint version :z978076196412440uhttp://ezproxy.alfaisal.edu/login?url=http://sk.sagepub.com/books/the-politics-of-social-work